ბათუმის შოთა რუსთაველის სახელმწიფო უნივერსიტეტის ბიბლიოთეკა

სიმფონია- ლექსიკონი ძველი ქართული აგიოგრაფიული ლიტერატურის ძეგლების I ა-ლ. (ბიბ.ჩანაწერი № 34748)

000 -LEADER
fixed length control field 01004nam a2200229Ia 4500
001 - CONTROL NUMBER
control field 546
003 - CONTROL NUMBER IDENTIFIER
control field GE_BSU
008 - FIXED-LENGTH DATA ELEMENTS--GENERAL INFORMATION
fixed length control field 181216s||||||||xx |||||||||||||| ||und||
020 ## - INTERNATIONAL STANDARD BOOK NUMBER
International Standard Book Number 9994011170
040 ## - CATALOGING SOURCE
Transcribing agency GE_BSU
080 ## - UNIVERSAL DECIMAL CLASSIFICATION NUMBER
Universal Decimal Classification number 821.353.1(038)
245 ## - TITLE STATEMENT
Title სიმფონია- ლექსიკონი ძველი ქართული აგიოგრაფიული ლიტერატურის ძეგლების I ა-ლ.
245 ## - TITLE STATEMENT
Statement of responsibility, etc. რედ.გოგუაძე ნარგიზა, სარჯველაძე ზურაბ,შანიძე მზექალა.
250 ## - EDITION STATEMENT
Edition statement I ნაკვ.
260 ## - PUBLICATION, DISTRIBUTION, ETC.
Place of publication, distribution, etc. თბილისი
260 ## - PUBLICATION, DISTRIBUTION, ETC.
Name of publisher, distributor, etc. არტანუჯი
260 ## - PUBLICATION, DISTRIBUTION, ETC.
Date of publication, distribution, etc. 2005
300 ## - PHYSICAL DESCRIPTION
Extent 465 გვ.
653 ## - INDEX TERM--UNCONTROLLED
Uncontrolled term სიმფონია- ლექსიკონი ძველი ქართული აგიოგრაფიული ლიტერატურის ძეგლები
942 ## - ADDED ENTRY ELEMENTS (KOHA)
Koha item type წიგნი
ეგზემპლარები
Withdrawn status Lost status Damaged status Not for loan Date acquired Barcode Date last seen Price effective from Koha item type Public note Source of classification or shelving scheme Permanent Location Current Location Full call number
        2018-12-17 2341 2018-12-17 2018-12-17 წიგნი საცავი        
        2018-12-17 2342 2018-12-17 2018-12-17 წიგნი საცავი        
        2018-12-17 2343 2018-12-17 2018-12-17 წიგნი საცავი        
        2018-12-17 2344 2018-12-17 2018-12-17 წიგნი საცავი        
        2018-12-17 2345 2018-12-17 2018-12-17 წიგნი საცავი   ბათუმის შოთა რუსთაველის სახელმწიფო უნივერსიტეტის მთავარი ბიბლიოთეკა ბათუმის შოთა რუსთაველის სახელმწიფო უნივერსიტეტის მთავარი ბიბლიოთეკა 81/374(038)